Histoire du Maghreb médiéval : VIIe-XIe siècle (notice n° 2129282)

détails MARC
000 -LEADER
fixed length control field 01168cam a2200145 4500500
005 - DATE AND TIME OF LATEST TRANSACTION
control field 20260405022050.0
041 ## - LANGUAGE CODE
Language code of text/sound track or separate title fre
042 ## - AUTHENTICATION CODE
Authentication code dc
100 10 - MAIN ENTRY--PERSONAL NAME
Personal name Sénac, Philippe
Relator term author
245 00 - TITLE STATEMENT
Title Histoire du Maghreb médiéval : VIIe-XIe siècle
260 ## - PUBLICATION, DISTRIBUTION, ETC.
Name of publisher, distributor, etc. Armand Colin,<br/>
Date of publication, distribution, etc. 2012.<br/>
520 ## - SUMMARY, ETC.
Summary, etc. Entre l’Antiquité romaine et l’époque moderne, les siècles qui virent se développer l’islamisation, le califat fatimide et les empires berbères sont mal connus. Cette synthèse inédite offre un outil complet et pédagogique pour découvrir le Maghreb médiéval : des présentations événementielles, des textes et des documents iconographiques traitent tous les aspects, politiques, économiques, sociétaux et culturels de ces régions. Une chronologie, une liste des principaux auteurs médiévaux et une bibliographie complètent l'ensemble. Philippe Sénac est Professeur à l’université de Paris IV-Sorbonne. Patrice Cressier est chargé de recherche au CNRS (CIHAM-UMR 5648, Lyon).
700 10 - ADDED ENTRY--PERSONAL NAME
Personal name Cressier, Patrice
Relator term author
856 41 - ELECTRONIC LOCATION AND ACCESS
Uniform Resource Identifier <a href="https://shs.cairn.info/histoire-du-maghreb-medieval--9782200276164?lang=fr&redirect-ssocas=7080">https://shs.cairn.info/histoire-du-maghreb-medieval--9782200276164?lang=fr&redirect-ssocas=7080</a>

Pas d'exemplaire disponible.

PLUDOC

PLUDOC est la plateforme unique et centralisée de gestion des bibliothèques physiques et numériques de Guinée administré par le CEDUST. Elle est la plus grande base de données de ressources documentaires pour les Étudiants, Enseignants chercheurs et Chercheurs de Guinée.

Adresse

627 919 101/664 919 101

25 boulevard du commerce
Kaloum, Conakry, Guinée

Réseaux sociaux

Powered by Netsen Group @ 2025